Violencias por motivos de género y dogmática penal. Propuestas para una litigación con mirada interdisciplinaria a partir de un caso de la Defensa Pública de Lomas de Zamora / (Registro nro. 5581)
[ vista simple ]
| 000 -LEADER | |
|---|---|
| fixed length control field | 01809nab a22002897a 4500 |
| 003 - CONTROL NUMBER IDENTIFIER | |
| control field | OSt |
| 005 - DATE AND TIME OF LATEST TRANSACTION | |
| control field | 20251219101731.0 |
| 008 - FIXED-LENGTH DATA ELEMENTS--GENERAL INFORMATION | |
| fixed length control field | 190429b xxu||||| |||| 00| 0 spa d |
| 040 ## - CATALOGING SOURCE | |
| Transcribing agency | PJ |
| 100 ## - MAIN ENTRY--PERSONAL NAME | |
| 9 (RLIN) | 6555 |
| Personal name | Lopez, Cecilia Cristina |
| 245 10 - TITLE STATEMENT | |
| Title | Violencias por motivos de género y dogmática penal. Propuestas para una litigación con mirada interdisciplinaria a partir de un caso de la Defensa Pública de Lomas de Zamora / |
| Statement of responsibility, etc | Cecilia Cristina Lopez, Guillermina Luque Wickham, Luciano Augusto Noli. |
| 260 ## - PUBLICATION, DISTRIBUTION, ETC. (IMPRINT) | |
| Date of publication, distribution, etc | Ciudad Autónoma de Buenos Aires : |
| Place of publication, distribution, etc | Thomson Reuters La Ley, |
| Name of publisher, distributor, etc | 2025. |
| 300 ## - PHYSICAL DESCRIPTION | |
| Extent | p. 21-36 |
| 500 ## - GENERAL NOTE | |
| General note | Cita: TR LALEY AR/DOC/1072/2025. |
| 505 ## - FORMATTED CONTENTS NOTE | |
| Formatted contents note | Sumario: I. Propósito.— II. Contexto.— III. El caso y los hechos probados.— IV. Conclusiones médico-legales desde un enfoque de género y de derechos humanos.— V. El impacto en el sistema del hecho punible: los planteos de la defensa.— VI. El fallo.— VII. Algunas conclusiones.— VIII. Referencias bibliográficas. |
| Title | Fallo comentado: TCrim. Nro. 9, Lomas de Zamora ~ 05/12/2024 ~ S., J. E. - B., G. A., - R., J. A. s/ tenencia ilegítima de estupefacientes con fines de comercialización. |
| 505 ## - FORMATTED CONTENTS NOTE | |
| Title | Si te interesa el texto completo, solicitalo a koha@justierradelfuego.gov.ar |
| 650 #0 - SUBJECT ADDED ENTRY--TOPICAL TERM | |
| 9 (RLIN) | 343 |
| Topical term or geographic name as entry element | DERECHO PENAL |
| 650 #0 - SUBJECT ADDED ENTRY--TOPICAL TERM | |
| 9 (RLIN) | 3053 |
| Topical term or geographic name as entry element | VIOLENCIA DE GÉNERO |
| 650 #0 - SUBJECT ADDED ENTRY--TOPICAL TERM | |
| 9 (RLIN) | 4044 |
| Topical term or geographic name as entry element | PERSPECTIVA DE GÉNERO |
| 650 #0 - SUBJECT ADDED ENTRY--TOPICAL TERM | |
| 9 (RLIN) | 2581 |
| Topical term or geographic name as entry element | CULPABILIDAD |
| 650 #0 - SUBJECT ADDED ENTRY--TOPICAL TERM | |
| 9 (RLIN) | 2753 |
| Topical term or geographic name as entry element | PARTICIPACIÓN CRIMINAL |
| 650 #0 - SUBJECT ADDED ENTRY--TOPICAL TERM | |
| 9 (RLIN) | 2589 |
| Topical term or geographic name as entry element | POLITICA CRIMINAL |
| 700 ## - ADDED ENTRY--PERSONAL NAME | |
| 9 (RLIN) | 6329 |
| Personal name | Luque Wickham, María Guillermina |
| Función | coautor |
| 700 ## - ADDED ENTRY--PERSONAL NAME | |
| 9 (RLIN) | 6556 |
| Personal name | Noli, Luciano Augusto |
| Función | coautor |
| 773 0# - HOST ITEM ENTRY | |
| Host Biblionumber | 2658 |
| Host Itemnumber | 3164 |
| Title | Revista de derecho penal y criminología. Nº 5 - Junio 2025 |
| Place, publisher, and date of publication | Ciudad Autónoma de Buenos Aires : Thomson Reuters La Ley, 2017- |
| International Standard Serial Number | 00347914 |
| 942 ## - ADDED ENTRY ELEMENTS (KOHA) | |
| Source of classification or shelving scheme | |
| Koha item type | Analítica Artículo de Revista |
No hay ítems disponibles.
